Здоровье как составляющая качества образования; Актуальные вопросы безопасности, здоровья при занятиях спортом и физической культурой

Dades bibliogràfiques
Parent link:Актуальные вопросы безопасности, здоровья при занятиях спортом и физической культурой.— 2002.— С. 114-116
Altres autors: Иванов В. Т., Берестнева О. Г. Ольга Григорьевна, Иванкина Л. И. Любовь Ивановна, Шаропин К. А. Константин Александрович
Idioma:rus
Publicat: 2002
Matèries:
Format: MixedMaterials Capítol de llibre
KOHA link:https://koha.lib.tpu.ru/cgi-bin/koha/opac-detail.pl?biblionumber=234690

MARC

LEADER 00000naa2a2200000 4500
001 234690
005 20240111121335.0
035 |a (RuTPU)RU\TPU\book\255816 
090 |a 234690 
100 |a 20130327d2002 k y0rusy50 ca 
101 0 |a rus 
102 |a RU 
200 1 |a Здоровье как составляющая качества образования  |f В. Т. Иванов [и др.] 
463 0 |0 (RuTPU)RU\TPU\book\40216  |t Актуальные вопросы безопасности, здоровья при занятиях спортом и физической культурой   |o материалы V международной научно-практической конференции, 29-30 марта 2002 г., г. Томск  |v С. 114-116  |d 2002  |p 444 с. 
610 1 |a труды учёных ТПУ 
701 1 |a Иванов  |b В. Т. 
701 1 |a Берестнева  |b О. Г.  |c специалист в области информатики и вычислительной техники  |c профессор Томского политехнического университета, доктор технических наук  |f 1953-  |g Ольга Григорьевна  |3 (RuTPU)RU\TPU\pers\24545  |9 10845 
701 1 |a Иванкина  |b Л. И.  |c специалист в области философии, социологии и психологии образования  |c профессор Томского политехнического университета, доктор философских наук  |f 1956-  |g Любовь Ивановна  |3 (RuTPU)RU\TPU\pers\25426 
701 1 |a Шаропин  |b К. А.  |c российский ученый, специалист в области прикладной математики  |c доцент Томского политехнического университета, кандидат технических наук  |f 1972-  |g Константин Александрович  |3 (RuTPU)RU\TPU\pers\27093 
801 1 |a RU  |b 63413507  |c 20130327 
801 2 |a RU  |b 63413507  |c 20130329  |g RCR 
942 |c BK